000 00716nam0a22002411 4500
001 rc\2821696
005 20250529195910.0
035 _a(NLR Aleph) 006980102
090 _a5522759
_c5522759
100 _a20110622d1927 |||y0rusy50 ca
101 0 _arus
102 _aRU
105 _ay z |||||
200 1 _aМыловарение в СССР
210 _a[Москва]
_a[Ленинград]
_cБ. и.
_d[1927]
215 _aС. 5-52
300 _aВ кн.: Мартин, Д. "Мыловарение. М.-Л., 1927. стр. 5-52
700 1 _aБратман
_bМ.Л.
_gМоисей Львович
801 0 _aRU
_bNLR
_gpsbo
801 1 _aRU
_bELAR
_2rusmarc
852 _aNLR
_j42/37
942 _cBOOK
980 _aNB